| Tag |
First Indicator |
Second Indicator |
Subfields |
| LEADER |
00000cam a2200000 a 4500 |
| 001 |
in00000025700 |
| 005 |
20151007054437.0 |
| 008 |
871217r19871924enk b 00011 eng d |
| 010 |
|
|
|a gb 88005766
|
| 015 |
|
|
|a GB88-5766
|
| 020 |
|
|
|a 0744800765 (pbk) :
|c £3.95
|
| 035 |
|
|
|a (OCoLC)17323848
|
| 035 |
|
|
|9 AAB5081AM
|
| 040 |
|
|
|a UKM
|c UKM
|d OCL
|d TXA
|d UtOrBLW
|
| 041 |
1 |
|
|a eng
|h fre
|
| 049 |
|
|
|a TXAM
|c [A11053429]
|
| 050 |
|
4 |
|a PQ1993.L22
|b L53 1987
|
| 082 |
0 |
|
|a 843/.5
|2 19
|
| 100 |
1 |
|
|a Laclos, Choderlos de,
|d 1741-1803.
|
| 240 |
1 |
0 |
|a Liaisons dangereuses.
|l English
|
| 245 |
1 |
4 |
|a Les liaisons dangereuses /
|c Pierre Ambroise Choderlos de Laclos ; translated by Richard Aldington.
|
| 264 |
|
1 |
|a London ;
|a Boston :
|b Ark Paperbacks,
|c 1987.
|
| 300 |
|
|
|a 435 pages ;
|c 20 cm.
|
| 336 |
|
|
|a text
|b txt
|2 rdacontent
|
| 337 |
|
|
|a unmediated
|b n
|2 rdamedia
|
| 338 |
|
|
|a volume
|b nc
|2 rdacarrier
|
| 500 |
|
|
|a Translation from the French.
|
| 500 |
|
|
|a Reprint. Originally pub. : Dangerous acquaintances. G. Routledge & Sons, 1924.
|
| 504 |
|
|
|a Bibliography: pages 433-435.
|
| 700 |
1 |
|
|a Aldington, Richard,
|d 1892-1962.
|
| 999 |
|
|
|a MARS
|
| 999 |
f |
f |
|s b15b609f-ae88-3c7f-9c4b-a01108398145
|i 02f6b3ae-1107-3a8a-b1a9-e420f1c5c40a
|t 0
|
| 952 |
f |
f |
|p normal
|a Texas A&M University
|b College Station
|c Sterling C. Evans Library
|d Evans: Library Stacks
|t 0
|e PQ1993.L22 L53 1987
|h Library of Congress classification
|i unmediated -- volume
|m A14811053429
|
| 998 |
f |
f |
|a PQ1993.L22 L53 1987
|t 0
|l Evans: Library Stacks
|